000 00416nam a2200157 i 4500
001 39623
003 ES-MaACL
005 20230906160041.0
007 t|
008 030303s1967 sp ||||1| spa d
100 1 _aCanales, Alicia.
_934389
245 1 0 _aMarionetas en corrupción /
_cAlicia Canales.
260 _aSantander :
_b[s.n.,
_c1967]
300 _a225 p. ;
_c20 cm.
852 _aES-MaACL
_jC-33304
_bR.64093
999 _c39623
_d39623